Les pilotes Arden en F3000/GP2/Formule 2 - Statistiques

Statistiques générales
  • Ce quiz a été pris 5 fois
    3 depuis la dernière actualisation
  • Le résultat moyen est 2 sur 47
Statistiques - réponses
Année Série Pilote n°1 Pilote n°2 Pilote n°3 % Correct
Anthoine Hubert
67%
Artem Markelov
33%
1997 F3000 Christian Horner
33%
1998 F3000 Christian Horner Kurt Mollekens
33%
2004 F3000 Vitantonio Liuzzi Robert Doornbos
33%
Adrian Zaugg
0%
2015 GP2 André Negrao Norman Nato
0%
2002 F3000 Björn Wirdheim Tomas Enge
0%
2003 F3000 Björn Wirdheim Townsend Bell
0%
2007 GP2 Bruno Senna Adrian Zaugg Filipe Albuquerque
0%
2010 GP2 Charles Pic Rodolfo Gonzalez
0%
Dan Ticktum
0%
2000 F3000 Darren Manning Viktor Maslov
0%
2001 F3000 Darren Manning Viktor Maslov
0%
Edoardo Mortara
0%
Emil Bernstorff
0%
Filipe Albuquerque
0%
2005 GP2 Heikki Kovalainen Nicolas Lapierre
0%
Jimmy Eriksson
0%
2013 GP2 Johnny Cecotto Jr Mitch Evans
0%
Jolyon Palmer
0%
2011 GP2 Josef Kral Jolyon Palmer
0%
Kurt Mollekens
0%
Luca Filippi
0%
Luiz Razia
0%
Marc Goossens
0%
2018 F2 Maximilian Günther Nirei Fukuzumi Dan Ticktum
0%
2006 GP2 Michael Ammermüller Nicolas Lapierre Neel Jani
0%
Mitch Evans
0%
2016 GP2 Nabil Jeffri Jimmy Eriksson Emil Bernstorff
0%
Neel Jani
0%
Nicolas Lapierre
0%
Nirei Fukuzumi
0%
2017 F2 Norman Nato Sean Gelael
0%
2014 GP2 René Binder André Negrao Tom Dillmann
0%
Robert Doornbos
0%
Rodolfo Gonzalez
0%
Sean Gelael
0%
2008 GP2 Sébastien Buemi Yelmer Buurman Luca Filippi
0%
2009 GP2 Sergio Pérez Edoardo Mortara
0%
2012 GP2 Simon Trummer Luiz Razia
0%
2019 F2 Tatiana Calderon Anthoine Hubert Artem Markelov
0%
Tomas Enge
0%
Tom Dillmann
0%
Townsend Bell
0%
1999 F3000 Viktor Maslov Marc Goossens
0%
Yelmer Buurman
0%
Aucun quiz correspondant
Distribution des résultats
% des personnes avec chaque résultat
Percentile par nombre de réponses
Votre historique - résultats
Vous n’avez pas pris ce quiz depuis la dernière actualisation